000 01683 a2200241 4500
001 39986
005 20260407155656.0
008 260407a1982 arg spa d
003 AR-UNSa-BCEJYS
040 _aAR-UNSa-BCEJYS
_bspa
_cAR-UNSa-BCEJYS
080 _a339.9
_xEconomía internacional en general. Relaciones económicas internacionales. Economía mundial
245 1 0 _aEconomía Internacional
020 _a978-968-451-421-8
264 1 _aMéxico :
_bMcGraw-Hill
_c1982
300 _a677 p.
_c24 cm.
505 _aParte I: 1. Introducción - 2. Causas y efectos del comercio - 3. Costo de oportunidad e indiferencia de la comunidad - 4. Equilibrio internacional - 5. El modelo Heckscher-Ohlin - 6. Comprobación empírica - 7. Crecimiento y comercio - Parte II: 8. La teoría de los aranceles - 9. Distorsiones domésticas y objetivos no económicos - 10. Otras barreras comerciales y la política comercial de los Estados Unidos - 11. Uniones aduaneras - Parte III: 3. El proceso de ajuste internacional : 12. La balanza de pagos - 14. El problema de la balanza de pagos: un modelo básico - 15. El mecanismo de ajuste - precio - 16. El mecanismo de ajuste - ingreso - 17. El dinero y la balanza de pagos - Parte IV: Política de ajuste : 18. Política económica internacional - 19. Controles directos - 20. Política fiscal y monetaria para el equilibrio intermo y externo - 21. Tipos de cambio flexibles - 22. El sistema monetario internacional.
942 _cBK
590 _aniveau_biblio:m niveau_hierar:0
100 1 _aChacholiades, Miltiades
700 1 _aMontes Negret, Fernando
700 1 _aEcheverry, Rubén Darío
700 1 _aParajón Collada, Vicente
999 _c3174
_d3174